Kamus kehutanan
| Format: | Book |
|---|---|
| Published: |
Indonesia :
Departemen Kehutanan Republik Indonesia ,
1990
|
| Edition: | Edisi pertama (bagian ii) |
| Subjects: |
MARC
| LEADER | 00000cam a2200000 7i4500 | ||
|---|---|---|---|
| 001 | 0000003770 | ||
| 005 | 20110615.0 | ||
| 090 | 0 | 0 | |a R634.903 |b KAM 1990 |
| 245 | 0 | 0 | |a Kamus kehutanan |
| 250 | 0 | 0 | |a Edisi pertama (bagian ii) |
| 260 | 0 | 0 | |a Indonesia : |b Departemen Kehutanan Republik Indonesia , |c 1990 |
| 300 | |a vii, 158 p. ; |c 23 cm. | ||
| 650 | 0 | 0 | |a Forests and forestry |x Dictionaries |
| 998 | |a JPSM | ||
| 999 | |a 007616 |b Monograph |c Reference |e Default branch | ||